[Event "London Chess Classic op 10th"]
[Site "London"]
[Date "2018.12.09"]
[Round "1"]
[White "Vaughan, John"]
[Black "Moir, Donald"]
[Result "0-1"]
[WhiteElo "1543"]
[BlackElo "1187"]
[PlyCount "130"]
[EventDate "2018.12.09"]
[EventType "swiss"]
[EventRounds "5"]
[EventCountry "ENG"]
[SourceTitle "EXT 2021"]
[Source "ChessBase"]
[SourceDate "2020.10.23"]
[SourceVersion "1"]
[SourceVersionDate "2020.10.23"]
[SourceQuality "1"]

1. d4 e6 2. c4 f5 3. Nc3 Nf6 4. Nf3 d6 5. g3 Be7 6. Bg2 0-0 7. 0-0 Re8 8. Qc2 d5 9. cxd5 exd5 10. Ne5 Bd6 11. Nb5 c6 12. Nxd6 Qxd6 13. Nd3 Qe7 14. Re1 Ne4 15. f3 Nd6 16. b3 Nd7 17. Ba3 Qf6 18. e3 Nb5 19. Bb2 Nd6 20. Rac1 Qh6 21. Kh1 Rxe3 22. Rxe3 Qxe3 23. Re1 Qg5 24. Nc5 Nf8 25. Ba3 Qf6 26. Qf2 Bd7 27. Nxd7 Nxd7 28. Bh3 g6 29. Qd2 Kf7 30. Qb4 Re8 31. Rxe8 Nxe8 32. Qxb7 Qe6 33. Bb4 Nef6 34. Bg2 Qe2 35. h3 Qxa2 36. Bc5 a5 37. Qxc6 Qxb3 38. f4 Qxg3 39. Bxd5+ Kg7 40. Bg2 Qe1+ 41. Kh2 Qh4 42. Qf3 Ng4+ 43. Kg1 Qe1+ 44. Bf1 Ne3 45. Bd6 Qxf1+ 46. Qxf1 Nxf1 47. Kxf1 Kf6 48. d5 a4 49. Ba3 Nb6 50. d6 Ke6 51. Ke2 Nc4 52. d7 Kxd7 53. Bb4 Kc6 54. Kd3 Kd5 55. Bc3 a3 56. h4 a2 57. Bf6 Nd6 58. Kc2 Ke4 59. Kb2 Kxf4 60. Kxa2 Ne4 61. Be7 Kg3 62. Kb2 f4 63. Kc2 f3 64. Kd3 f2 65. Ke2 Kg2 0-1

[Event "Crawley e2e4 Gatwick op U1650"]
[Site "Crawley"]
[Date "2016.05.28"]
[Round "3"]
[White "Moir, Donald"]
[Black "Merriman, James"]
[Result "1-0"]
[WhiteElo "1191"]
[BlackElo "1465"]
[PlyCount "75"]
[EventDate "2016.05.27"]
[EventType "swiss"]
[EventRounds "7"]
[EventCountry "ENG"]
[SourceTitle "EXT 2019"]
[Source "ChessBase"]
[SourceDate "2018.10.10"]
[SourceVersion "1"]
[SourceVersionDate "2018.10.10"]
[SourceQuality "1"]

1. c4 f5 2. g3 Nf6 3. Bg2 e6 4. Nf3 Bb4 5. Nc3 0-0 6. d3 Bxc3+ 7. bxc3 c6 8. Ba3 Rf7 9. Ne5 Qa5 10. Nxf7 Qxc3+ 11. Kf1 Qxa3 12. Ne5 Qc5 13. d4 Qe7 14. e3 d6 15. Nd3 d5 16. c5 Nbd7 17. Qc2 b6 18. cxb6 axb6 19. Qxc6 Ba6 20. Qxa8+ Kf7 21. Qxa6 e5 22. Qb7 Qa3 23. Bxd5+ Kg6 24. Bb3 e4 25. Nf4+ Kh6 26. Kg2 Qb2 27. Qc6 g5 28. Nd5 Qe2 29. Bd1 Qf3+ 30. Bxf3 exf3+ 31. Kxf3 g4+ 32. Ke2 f4 33. Nxf6 f3+ 34. Kd3 Ne5+ 35. dxe5 b5 36. Nxg4+ Kg5 37. h3 h5 38. Qf6# 1-0